Teorija i praktika sochranenija knig v biblioteke. Sbornik naučnych trudov. Vyp. 16 /
Saved in:
| Main Author: | |
|---|---|
| Other Authors: | , |
| Format: | Book |
| Language: | Russian |
| Published: |
Sankt-Peterburg :
Rossijskaja nacionaľnaja bibl.,
1992
|
| Edition: | [1. izd.] |
| ISSN: | 0134-6431 |
| Online Access: |
|
| Tags: |
Add Tag
No Tags, Be the first to tag this record!
|
MARC
| LEADER | 00000nam a2200000 4500 | ||
|---|---|---|---|
| 003 | SK-BrCVT | ||
| 005 | 20220617175344.0 | ||
| 008 | 940614s1992 ru e ||||||rus d | ||
| 022 | |a 0134-6431 | ||
| 035 | |a CVTIDW0922058 | ||
| 040 | |b slo |a CVTI SR | ||
| 041 | 0 | |a rus | |
| 044 | |a ru | ||
| 080 | |a 025.85(08) |2 UDC-MRF | ||
| 100 | 1 | |a Dobrusina, Svetlana Aleksandrovna | |
| 242 | 1 | 0 | |a Teória a prax ochrany kníh v knižnici. Zborník vedeckých prác. Zv. 16 |
| 245 | 1 | 0 | |a Teorija i praktika sochranenija knig v biblioteke. Sbornik naučnych trudov. Vyp. 16 / |c Avtory: Svetlana Aleksandrovna Dobrusina a kol. ; Red.: Je. G. Veršinina, N. A. Jefimova |
| 250 | |a [1. izd.] | ||
| 260 | |a Sankt-Peterburg : |b Rossijskaja nacionaľnaja bibl., |c 1992 | ||
| 300 | |a 124 s. : |b grafy, lit., tab. ; | ||
| 700 | 1 | |a Veršinina, Je. G. |4 edt | |
| 700 | 1 | |a Jefimova, N. A. | |
| 910 | |b A542302 | ||
| 974 | |f Knihy | ||
| 992 | |a AZN | ||
| 999 | |c 80310 |d 80310 | ||